000 00366nam a22001571a 4500
020 _a9788170162766
082 _aH3
_bMUD/P
100 _aMudrarakshas
245 _aPrapanchatantra/
_cby Mudrarakshas
260 _aNew Delhi:
_bKithabghar,
_c1995.
300 _a144p.
650 _aNovel Hindi
650 _aLiterature Hindi
650 _aLiterature
942 _cBK
999 _c35593
_d35593